000 00290nam a2200121Ia 4500
008 220104s9999 xx 000 0 und d
100 _aAbdullah A S
245 0 _aGossypol in rubber seed meal
650 _aGossypol
650 _aRubber seed meal
700 _aHutagalung R I
942 _cBE
999 _c47533
_d47533